| 000 | 01770nam0a2200373 4500 | ||
|---|---|---|---|
| 001 | RU\NLR\b_ik\199872 | ||
| 005 | 20250613195008.0 | ||
| 010 |
_a978-5-88210-662-0 _9100 |
||
| 021 |
_aRU _b2013-7498 _9539 |
||
| 035 | _a(NLR Aleph) 009995724 | ||
| 090 |
_a9760326 _c9760326 |
||
| 100 | _a20130222d2012 |||y0rusy50 ca | ||
| 101 | 0 |
_ager _drus |
|
| 102 | _aRU | ||
| 105 | _ay ||||||||| | ||
| 200 | 1 |
_aНемецкая диалектология _eучебное пособие _fЛ.И. Москалюк, Н.В. Трубавина _gМ-во образования и науки Рос. Федерации, Федерал. гос. бюджет. образоват. учреждение высш. проф. образования "Алтайская гос. пед. акад." |
|
| 210 |
_aБарнаул _cАлтГПА _d2012 |
||
| 215 |
_a108 с. _cил. _d20 |
||
| 300 | _aОбл. на нем. яз.: Deutsche Dialectologie: Sprachinselforschung / L. Moskalyuk, N. Trubawina | ||
| 300 | _aРез. на рус. яз. | ||
| 320 | _aБиблиогр.: с. 106-108 (40 назв.) | ||
| 512 | 1 |
_6z45790 _aDeutsche Dialectologie: Sprachinselforschung |
|
| 606 | 1 |
_aНемецкий язык _jУчебные издания для высших учебных заведений _xДиалектология _91681197 _3RU\NLR\auth\66746443 |
|
| 686 | _aШ143.24-93рус3-5 | ||
| 686 | _aШ143.24-5я7 | ||
| 700 | 1 |
_aMoskaljuk _bL. I. _gLarisa Ivanovna _4070 |
|
| 701 | 1 |
_aTrubavina _bN. V. _gNina Vladimirovna _4070 |
|
| 790 | 1 |
_6z45 _aMoskaljuk _bL. I. _gLarisa Ivanovna _4070 |
|
| 790 | 1 |
_6z45 _aTrubavina _bN. V. _gNina Vladimirovna _4070 |
|
| 801 | 0 |
_aRU _bNLR _c20130222 _gRCR |
|
| 801 | 1 |
_aRU _bNLR _c20130222 |
|
| 942 | _cBOOK | ||
| 980 | _aNB | ||